000 00300 a2200145 4500
001 179800
020 _a
040 _cMagnum
100 _aHoffmann, Jussara
240 1 0 _aAvaliacao mediadora
_lpor
245 1 0 _aAvaliacao mediadora
362 0 _a1899
697 _aMAGNITO: ENSINO
942 _cBK
999 _c179800
_d179800